Harry Potter: l'Equipe de Quidditch de Poufsouffle - Statistiques

Statistiques générales
  • Ce quiz a été pris 54 fois
  • Le résultat moyen est 5 sur 8
Statistiques - réponses
Information Réponses % Correct
Capitaine (HP3) Cédric Diggory
95%
Attrapeur (HP3) Cédric Diggory
95%
Dernière apparition Harry Potter et le Prince de Sang-Mêlé
93%
Première apparition Harry Potter et le Prisonnier d'Azkaban
91%
Capitaine (HP5) Zacharias Smith
45%
Poursuiveur (HP5) Zacharias Smith
45%
Poursuiveur (HP6) Cadwallader
18%
Attrapeur (HP5) Summerby
14%
Aucun quiz correspondant
Distribution des résultats
% des personnes avec chaque résultat
Percentile par nombre de réponses
Votre historique - résultats
Vous n’avez pas pris ce quiz